Central Library OPAC University of Rajshahi

Marketing management & administrative action / (Record no. 75959)

MARC details
000 -LEADER
fixed length control field 01041nam a2200313 a 4500
001 - CONTROL NUMBER
control field 75959
003 - CONTROL NUMBER IDENTIFIER
rucl marc code BD-RjUL
005 - DATE AND TIME OF LATEST TRANSACTION
control field 20211209082752.0
008 - FIXED-LENGTH DATA ELEMENTS--GENERAL INFORMATION
fixed length control field 190924s1983 nyua 001 0 eng d
020 ## - INTERNATIONAL STANDARD BOOK NUMBER
International Standard Book Number 0070069492
Terms of availability : $ 28.95
035 ## - SYSTEM CONTROL NUMBER
System control number (BD-RjUL)76178
040 ## - CATALOGING SOURCE
Original cataloging agency DLC
Transcribing agency DLC
Modifying agency DLC
-- BD-RjUL
Language of cataloging eng
041 ## - LANGUAGE CODE
Language code of text/sound track or separate title eng
082 00 - DEWEY DECIMAL CLASSIFICATION NUMBER
Classification number 658.8
Edition number 23
Author mark and year BRM 1983
100 1# - MAIN ENTRY--PERSONAL NAME
Personal name Britt, Steuart Henderson,
Dates associated with a name 1907-
9 (RLIN) 182687
245 10 - TITLE STATEMENT
Title Marketing management & administrative action /
Statement of responsibility, etc. by Steuart Henderson Britt ...[et--all]
250 ## - EDITION STATEMENT
Edition statement 5th.ed.
260 ## - PUBLICATION, DISTRIBUTION, ETC. (IMPRINT)
Place of publication, distribution, etc. New York :
Name of publisher, distributor, etc. McGraw-Hill,
Date of publication, distribution, etc. 1983
300 ## - PHYSICAL DESCRIPTION
Pagination xiii, 465 p. :
Illustrations ill. ;
Size 23 cm.
490 0# - SERIES STATEMENT
Series statement McGraw-Hill series in marketing and advertising
500 ## - GENERAL NOTE
General note Includes Index
505 ## - FORMATTED CONTENTS NOTE
Formatted contents note Includes bibliographical reference
650 #0 - SUBJECT ADDED ENTRY--TOPICAL TERM
Topical term or geographic name as entry element Marketing
General subdivision Management.
9 (RLIN) 175868
700 1# - ADDED ENTRY--PERSONAL NAME
Personal name Boyd, Harper W.,
Personal name Davis, Robert T.
Personal name Larreche, Jean-Claude
830 ## - SERIES ADDED ENTRY--UNIFORM TITLE
Uniform title McGraw-Hill series in marketing and advertising
942 ## - ADDED ENTRY ELEMENTS (KOHA)
Source of classification or shelving scheme Dewey Decimal Classification
Koha item type Books
Holdings
Lost status Source of classification or shelving scheme Damaged status Not for loan Collection code Permanent Location Current Location Shelving location Date acquired Source of acquisition Cost, normal purchase price Total Checkouts Full call number Date last seen Copy number Koha item type
  Dewey Decimal Classification   Not For Loan Non-fiction Central Library, University of Rajshahi Central Library, University of Rajshahi Reading Room 05/05/1986 Toppan co. 28.95   658.8 BRM 1983 24/09/2019 C-1 Books
  Dewey Decimal Classification     Non-fiction Central Library, University of Rajshahi Central Library, University of Rajshahi   05/05/1986 Toppan co. 28.95   658.8 BRM 1983 24/09/2019 C-2 Books
  Dewey Decimal Classification     Non-fiction Central Library, University of Rajshahi Central Library, University of Rajshahi   05/05/1986 Toppan co. 28.95   658.8 BRM 1983 24/09/2019 C-3 Books
  Dewey Decimal Classification     Non-fiction Central Library, University of Rajshahi Central Library, University of Rajshahi   05/05/1986 Toppan co. 28.95   658.8 BRM 1983 24/09/2019 C-4 Books
  Dewey Decimal Classification     Non-fiction Central Library, University of Rajshahi Central Library, University of Rajshahi   05/05/1986 Toppan co. 28.95   658.8 BRM 1983 24/09/2019 C-5 Books
  Dewey Decimal Classification     Non-fiction Central Library, University of Rajshahi Central Library, University of Rajshahi   05/05/1986 Toppan 28.95   658.8 BRM 1983 24/09/2019 C-6 Books
  Dewey Decimal Classification     Non-fiction Central Library, University of Rajshahi Central Library, University of Rajshahi   05/05/1986 Toppan 28.95   658.8 BRM 1983 24/09/2019 C-7 Books
  Dewey Decimal Classification     Non-fiction Central Library, University of Rajshahi Central Library, University of Rajshahi   05/05/1968 Toppan 28.95   658.8 BRM 1983 09/10/2019 C-8 Books
  Dewey Decimal Classification     Non-fiction Central Library, University of Rajshahi Central Library, University of Rajshahi   05/05/1986 Toppan co. 28.95   658.8 BRM 1983 15/10/2019 C-9 Books
  Dewey Decimal Classification     Non-fiction Central Library, University of Rajshahi Central Library, University of Rajshahi   05/05/1986 Toppan co. 28.95   658.8 BRM 1983 15/10/2019 C-10 Books